000 00839nam a2200241Ia 4500
003 OSt
005 20220923224903.0
006 a|||||r|||| 00| 0
007 ta
008 220922b |||||||| |||| 00| 0 hin d
024 _a253,167
037 _cTextual
040 _aARTS
_cARTS
_bhin
041 _2hin
_ahin
082 _aX:8, 152L7
100 _aयदुकुल भूषण; अग्रवाल, ओम प्रकाश
_9168255
245 0 _aव्यवसाय संगठन
246 _aVyavasāya sangaṭhana
260 _aनई दिल्ली
_b सुलतान चन्द एण्ड सन्स
_c1977
300 _a984पृ.
_ccm.
942 _hX:8, 152L7
_cTEXL
_2CC
999 _c374403
_d374403